| 000 -LEADER |
| fixed length control field |
00618nam a2200229Ia 4500 |
| 001 - CONTROL NUMBER |
| control field |
2255 |
| 003 - CONTROL NUMBER IDENTIFIER |
| control field |
GE_BSU |
| 008 - FIXED-LENGTH DATA ELEMENTS--GENERAL INFORMATION |
| fixed length control field |
181216s||||||||xx |||||||||||||| ||und|| |
| 020 ## - INTERNATIONAL STANDARD BOOK NUMBER |
| International Standard Book Number |
5937721233 |
| 040 ## - CATALOGING SOURCE |
| Transcribing agency |
GE_BSU |
| 080 ## - UNIVERSAL DECIMAL CLASSIFICATION NUMBER |
| Universal Decimal Classification number |
681.3.06(075.8) |
| 100 ## - MAIN ENTRY--PERSONAL NAME |
| Personal name |
Прата,Стивен |
| 245 ## - TITLE STATEMENT |
| Title |
Язык программирования С++Лекции и упражнения |
| 245 ## - TITLE STATEMENT |
| Remainder of title |
Учебник. |
| 260 ## - PUBLICATION, DISTRIBUTION, ETC. |
| Place of publication, distribution, etc. |
Москва |
| 260 ## - PUBLICATION, DISTRIBUTION, ETC. |
| Name of publisher, distributor, etc. |
Диасофт |
| 260 ## - PUBLICATION, DISTRIBUTION, ETC. |
| Date of publication, distribution, etc. |
2005 |
| 300 ## - PHYSICAL DESCRIPTION |
| Extent |
1104стр. 24см. |
| 653 ## - INDEX TERM--UNCONTROLLED |
| Uncontrolled term |
Язык программирования С++ |
| 942 ## - ADDED ENTRY ELEMENTS (KOHA) |
| Koha item type |
წიგნი |